000 00307nam a22001337a 4500
008 170308b xxu||||| |||| 00| 0 eng d
020 _a9780192631343
041 _aeng
080 _212TH
_a611
100 _a6
101 _aSHM
245 _aCUNNINGHAM'S TEXTBOOK OF ANATOMY
_cROMANES, G.J
942 _2udc
_cBK
999 _c7057
_d7057